Grammar power : essential guide for improving your grammar / Simon and Schuster ; Vũ Tài Hoa, Nguyễn Văn Phước, ban biên dịch First News chú giải.

שמור ב:
מידע ביבליוגרפי
פורמט: ספר
יצא לאור: Nxb Trẻ 2003
תגים: הוספת תג
אין תגיות, היה/י הראשונ/ה לתייג את הרשומה!
Thư viện lưu trữ: Mạng thư viện Đại học Đà Nẵng
LEADER 00558nam a22001811a 4500
001 000035657
003 11944
005 20160318111212.0
008 160318s2003 000
082 |a 425 
245 |a Grammar power : essential guide for improving your grammar / Simon and Schuster ; Vũ Tài Hoa, Nguyễn Văn Phước, ban biên dịch First News chú giải. 
260 |a Nxb Trẻ  |c 2003 
OWN |a LNN 
999 |a From the UDN01 
TYP |a Monograph 
980 |a Mạng thư viện Đại học Đà Nẵng